000 00409nam a2200157Ia 4500
008 230312s9999||||xx |||||||||||||| ||und||
020 _a0-07-282600-2
082 _a330
_bMOG-P
100 _aFrank Robert , H.
245 0 _aPrinciples of Micro Economics
260 _bMcGraw Hill
_aBoston
_c2004
300 _a254
546 _aEng.
650 _aEconomics
_vThinking like Economist , Elasticity
942 _cBK
999 _c2536
_d2536